000 01731nam a2200385 a 4500
001 000035330
003 DO-SdBNP
005 20250618140354.0
007 ta
008 111027s2011 dr 001 0dspa d
020 _a9789945074239
040 _aDO-SdBNP
_bspa
_cBNPHU
082 4 _a306.362
_bD763a
_222
100 1 _aDramani-Issifou, Zakari,
_d1940-
_961103
245 1 0 _aÁfrica y el Caribe :
_bdestinos cruzados. Siglo xv-xix /
_cZakari Dramani-Issifou ; Traductor Emilio Hernández, Bernard Fouques y Amaury Pérez Vargas.
260 _aSanto Domingo :
_bArchivo General de la Nación,
_c2011.
300 _a275 p. ;
_c23 cm.
490 1 _aArchivo General de la Nación ;
_v133
500 _aIncluye índice onomástico.
500 _aIncluye datos biográficos del autor en la solapa de la cubierta.
500 _aIncluye bibliografía y notas al pie de las páginas.
504 _aBibliografía : p. 249-258.
505 0 _aPrefaio--
_tIntroducción --
_tTeorías, conceptos y encuentros --
_tÁfrica tal cual es --
_tEl doloroso puente --
_tNecesidad de una pedagogía liberadora.
_gBibliografía.
590 _aInventariado, 2018 / MFF
650 0 _aTrata de esclavos
_xEnsayos, conferencias, etc.
_921366
650 0 _aEsclavitud
_zCaribe (Región)
_913499
_vEnsayos, conferencias, etc.
650 4 _aEtnología
_zÁfrica
_933266
651 4 _aÁfrica
_xHistoria
_961106
_vEnsayos, conferencias, etc.
700 1 _aHernández, Emilio,
_etraducción
_958648
700 1 _aFouques, Bernard,
_etraducción
_961107
700 1 _aPérez Vargas, Amaury,
_etraducción
_961108
830 0 _aPublicaciones del Archivo Genaral de la Nación ;
_n133
_961109
910 _aValidado. Control de calidad EMS.
942 _2ddc
_cLBS1
999 _c34821
_d34821